00419nam a2200193Ia 4500003000900000008004100009040001300050040001300063041000800076100001900084245004600103250001100149260001200160260000900172300001000181300001200191490001200203490001000215IT-RoPAU120407s9999 xx 000 0 und d aIT-RoPAU cIT-RoPAU aita aElio Vittorini aIl Sempione strizza l’occhio al Frejus. aMilano aEinaudi c1980 a88 p. c19,5 cm aStruzzi v12226